New concepts in water purification / (Record no. 5455)
[ view plain ]
| 000 -LEADER | |
|---|---|
| fixed length control field | 00440cam a2200169ua 4500 |
| 020 ## - INTERNATIONAL STANDARD BOOK NUMBER | |
| ISBN | 0-0442-21781-1 |
| 041 ## - LANGUAGE CODE | |
| Language code of text/sound track or separate title | eng |
| 082 ## - DEWEY DECIMAL CLASSIFICATION NUMBER | |
| Classification number | 628.16 |
| Item number | CUL/NE |
| 100 ## - MAIN ENTRY--AUTHOR NAME | |
| Personal name | Culp, Gordon L. |
| 245 ## - TITLE STATEMENT | |
| Title | New concepts in water purification / |
| 250 ## - EDITION STATEMENT | |
| Edition statement | 1 / |
| 260 ## - PUBLICATION, DISTRIBUTION, ETC. (IMPRINT) | |
| Place of publication | New York : |
| Name of publisher | Van Nostrand Reinhold Company , |
| Year of publication | 1974. |
| 300 ## - PHYSICAL DESCRIPTION | |
| Number of Pages | 303 ; . |
| 942 ## - ADDED ENTRY ELEMENTS (KOHA) | |
| Koha item type | Books |
| Withdrawn status | Lost status | Damaged status | Home library | Current library | Date acquired | Full call number | Accession Number | Koha item type |
|---|---|---|---|---|---|---|---|---|
| KAUAET | KAUAET | 19/08/1986 | 628.16 CUL/NE | 15349 | Books |
